000 00424nam a22001817a 4500
003 OSt
005 20220127153612.0
008 220127b |||||||| |||| 00| 0 eng d
020 _a9780011272384
040 _cHU
082 _a621.31924
100 _aAlexander K. Charles
_928937
245 _aFundamentals Electric Circuits
250 _a4ed
260 _aNew York
_bNew York
300 _f901
942 _2ddc
_cBOOKS
_n0
999 _c28234
_d28234